Politik luarnegeri dan revolusi Indonesia (Record no. 71944)

MARC details
000 -LEADER
fixed length control field 00740cam a22002171 4500
001 - CONTROL NUMBER
control field sa 67000371
003 - CONTROL NUMBER IDENTIFIER
control field DLC
005 - DATE AND TIME OF LATEST TRANSACTION
control field 20260227112314.0
008 - FIXED-LENGTH DATA ELEMENTS--GENERAL INFORMATION
fixed length control field 920724s1965 io c 000 0 ind
010 ## - LIBRARY OF CONGRESS CONTROL NUMBER
LC control number sa 67000371
025 ## - OVERSEAS ACQUISITION NUMBER
Overseas acquisition number PL480:Indo-2635
035 ## - SYSTEM CONTROL NUMBER
System control number (OCoLC)26253881
040 ## - CATALOGING SOURCE
Original cataloging agency DLC
Transcribing agency CU
Modifying agency DLC
042 ## - AUTHENTICATION CODE
Authentication code premarc
050 00 - LIBRARY OF CONGRESS CALL NUMBER
Classification number DS638
Item number .A63
100 1# - MAIN ENTRY--PERSONAL NAME
Personal name Aidit, D. N.,
Dates associated with a name 1923-1965.
245 10 - TITLE STATEMENT
Title Politik luarnegeri dan revolusi Indonesia
Remainder of title (kuliah dihadapan pendidikan kader revolusi angkatan Dwikora jang diselenggarakan oleh pengurus besar Front Nasionald di Djakarta)
Statement of responsibility, etc. [oleh] D.N. Aidit.
260 ## - PUBLICATION, DISTRIBUTION, ETC.
Place of publication, distribution, etc. Djakarta,
Name of publisher, distributor, etc. Jajasan Pembaruan,
Date of publication, distribution, etc. 1965.
300 ## - PHYSICAL DESCRIPTION
Extent 70 p.
Other physical details port.
Dimensions 21 cm.
651 #0 - SUBJECT ADDED ENTRY--GEOGRAPHIC NAME
Geographic name Indonesia
General subdivision Foreign relations.

No items available.

Powered by Koha